[Event "Hoogovens"]
[Site "Wijk aan Zee"]
[Date "1998.01.25"]
[Round "8"]
[White "Kramnik, Vladimir"]
[Black "Salov, Valery"]
[Result "1/2-1/2"]
[WhiteElo "2790"]
[BlackElo "2680"]
[Annotator "Ribli,Z"]
[PlyCount "47"]
[EventDate "1998.01.16"]
[EventType "tourn"]
[EventRounds "13"]
[EventCountry "NED"]
[EventCategory "17"]
[SourceTitle "CBM 063"]
[Source "ChessBase"]
[SourceDate "1998.03.26"]
[SourceVersion "1"]
[SourceVersionDate "1998.03.26"]
[SourceQuality "1"]

1. Nf3 c5 2. c4 Nc6 3. d4 {Nach 3.Nc3 ist auch die überraschende Antwort 3...
Nd4 möglich.} cxd4 4. Nxd4 e6 5. Nc3 Nf6 6. g3 (6. Bg5) (6. Bf4) (6. a3) (6.
Ndb5) 6... Qb6 7. Nb3 (7. Ndb5) 7... Ne5 8. e4 {Diese ganze Variante erinnert
mich an die Sizilianische Verteidigung.} Bb4 9. Qe2 d6 10. f4 Nc6 11. Be3 Bxc3+
(11... Qc7 12. Bd2 (12. Bg2 Bxc3+ 13. bxc3 {Durch Zugumstellung haben wir
wieder eine Partiestellung erreicht.})) 12. bxc3 Qc7 {Weiß hat das Läuferpaar
und Raumvorteil, während Schwarz keine Schwächen zu beklagen hat. Der
Doppelbauer auf der c-Linie könnte Weiß jedoch Probleme verursachen. Dies ist
eine theoretische Grundstellung einer Variante, die meiner Meinung nach als
Ganze dem Anziehenden keinen Vorteil verspricht. Die vorliegende Partie ist
ein weiterer Beweis für die Richtigkeit dieser Einschätzung.} 13. Bg2 O-O 14.
c5 {Weiß befreit sich vom Doppelbauern und öffnet die Stellung.} (14. O-O b6 {
Der schwarz Plan ist einfach: Er beendet die Entwicklung und greift die weißen
Bauern am Damenflügel an. Am Königsflügel hat Weiß etwas Initiative, aber
Schwarz kann sich gut verteidigen.}) 14... dxc5 (14... d5) 15. Bxc5 Rd8 16. e5
Na5 17. Bb4 (17. Qb5 Nxb3 18. axb3 Bd7 19. Qc4 (19. Qb4 Bc6 20. Bd6 Qd7 21. O-O
Bxg2 22. Kxg2 Qc6+ 23. Rf3 Ne4 24. Rd1 b5 25. c4 a6 26. c5 a5 27. Qd4 Nxc5 28.
Qc3 b4 29. Qc4 Rac8 30. Ra1 Qa8 31. f5 exf5 32. Qf4 Ne6 {-+ Azmaiparashvili,
Z-Arnason,J/Reykjavik open 1990}) 19... b5 20. Qd4 Bc6 $15 {Smejkal,J-Lau,R/
Porz/1992/}) (17. Bd4 Nxb3 18. axb3 Nd5 (18... Rxd4 19. cxd4 Qc3+ 20. Kf2 Qxd4+
21. Kf3 Qc3+ $11 (21... Nd5 22. Rhd1 Qb6 $44)) 19. Rc1 Nxf4 20. gxf4 Rxd4 21.
Be4 Rd8 22. Rg1 g6 23. h4 Bd7 24. h5 Be8 {0-1 Vukanovic,S-Palac,M/Ljubljana op
1997 (36)}) (17. exf6 Nxb3 18. axb3 Qxc5 19. Qe5 Qb6 20. Qg5 Qe3+ 21. Kf1 Qd3+
22. Kg1 $2 (22. Kf2 $10 {van der Wiel,J}) 22... Qg6 23. fxg7 Qxg5 24. fxg5 Rd3
25. Rc1 Bd7 26. Bf1 Re3 27. Kf2 Re5 $17 {Uhlmann,W-van der Wiel,J/Baden_Baden
II 1992}) 17... Nxb3 18. axb3 Nd5 19. Qc4 (19. Bxd5 exd5 20. Qe3 Bf5 $1 {
Und Schwarz bekommt gutes Spiel auf den weißen Feldern.} (20... b6 21. O-O Bf5
22. Rf2 a5 23. Bd6 Qc6 24. Rc1 a4 25. bxa4 Rxa4 26. Bb4 h5 $36 {Casafus,
R-Bellon Lopez,J/Buenos Aires/1994/}) 21. Bc5 b6 22. Bd4 Qd7 $1 23. O-O Rac8 {
0-1 Filippov,V-Khalifman,A/Anibal op4th 1997 (38)}) 19... Qd7 $5 $11 {Schwarz
möchte die Damen auf dem Brett halten und die Entwicklung mit dem einfachen 20.
..b6, 21...Bb7 beenden. Natürlichdroht jetzt auch 20...Ne3.} (19... Qxc4 20.
bxc4 Ne3 $5 {[%csl Ge3]} (20... Nxb4 21. cxb4 Rd4 (21... Kf8 22. Ke2 Rd4 23.
Rhc1 $14) 22. Rd1 Rxd1+ 23. Kxd1 $14 {[%csl Rc8,Gg2] Weiß steht etwas aktiver
und droht 24.Kc2, 25.Rd1.}) 21. Be4 Nxc4 (21... Nxc4 {1/2-1/2 Vaganian,
R-Kramnik,V/Tal mem 1995}) 22. O-O Ne3 23. Rfc1 Nd5 24. Bc5 b5 25. Bxa7 Bb7 26.
Bg2 h6 27. Bd4 Rxa1 28. Rxa1 Ra8 29. Rb1 Bc6 30. Bf1 Ra3 31. Bxb5 {1/2-1/2
Morovic Fernandez,I-Izeta Chavarri,F/Ponferrada open 1991}) (19... Qb6 20. Bc5
$14) 20. Qd4 (20. Bxd5 exd5 $5 $15 {Und die weißen Felder im weißen Lager sind
schwach.} (20... Qxd5 21. Qxd5 Rxd5 $11)) 20... Nxb4 (20... b6 21. Bd6 $14 (21.
c4 $2 Nxb4 22. Qxd7 Bxd7 $19)) 21. Qxd7 (21. Qxb4 $2 Qd2+ $17 {[%csl Re1]})
21... Bxd7 22. cxb4 Bb5 (22... Bc6 23. Bxc6 bxc6 24. Ke2 Rd4 25. Rhc1 Rxb4 26.
Rxc6 Rxb3 27. Rxa7 $11) 23. Bxb7 Rab8 24. Ba6 {Und in dieser ausgeglichenen
Stellung einigte man sich auf remis.Ribli.} (24. Ba6 Bxa6 25. Rxa6 Rxb4 (25...
Rd7 26. Ke2 (26. O-O Rxb4 27. Rfa1 $11) 26... Rxb4 27. Rd1 $11) 26. Rxa7 Rxb3
27. O-O g6 28. Rf2 $11) 1/2-1/2

[Event "Clarin GP final"]
[Site "Villa Gesell"]
[Date "1998.03.16"]
[Round "10"]
[White "Sorokin, Maxim"]
[Black "Rodriguez Vila, Andres"]
[Result "1/2-1/2"]
[WhiteElo "2555"]
[BlackElo "2475"]
[Annotator "Ribli,Z"]
[PlyCount "54"]
[EventDate "1998.03.07"]
[EventType "tourn"]
[EventRounds "11"]
[EventCountry "ARG"]
[EventCategory "10"]
[SourceTitle "CBM 064"]
[Source "ChessBase"]
[SourceDate "1998.06.02"]
[SourceVersion "1"]
[SourceVersionDate "1998.06.02"]
[SourceQuality "1"]

1. c4 c5 2. Nf3 Nc6 3. d4 (3. Nc3 Nd4 $5) 3... cxd4 4. Nxd4 Nf6 5. Nc3 e6 6.
Ndb5 Bc5 {Eine selten gespielte Fortsetzung. Die Hauptvariante (6...d5 7.Bf4
e5 8.cxd5 exf4 9.Qxd8 Kxd8) wird häufiger angewendet.} 7. Bf4 e5 8. Bg5 {
Jetzt entwickelt sich ein taktischer Kampf mit beiderseitigen Chancen.} (8. Be3
Bxe3 9. Nd6+ Kf8 10. fxe3 Ng4 11. Qd2 Qg5 12. e4 Qf6 13. e3 Nxe3 14. Nxc8 (14.
Qxe3 Qxd6 15. Bd3 h5 16. Nd5 b6 17. Rf1 Nb4 18. Qf3 Nxd3+ 19. Qxd3 Bb7 20.
O-O-O Rc8 21. Kb1 Rh6 22. Qf3 Bxd5 23. Rxd5 Qe6 {0-1 Vadasz,L-Rogulj,B/
Karlovac 1979 (30)}) 14... Nd4 15. Bd3 Qh4+ 16. Qf2 Nxg2+ 17. Kf1 Qh3 18. Qg3
Ne3+ 19. Kg1 Qxg3+ 20. hxg3 Rxc8 $19 {0-1 Palatnik,S-Sideif Sade,F/URS-ch
otbor56 1988 (43)}) (8. Bg3 Qb6 {=/+ Ungureanu,E-Rogulj,B/Athens 1978}) 8...
Qb6 (8... Bxf2+ $5 9. Kxf2 Ng4+ 10. Ke1 Qxg5 11. Nc7+ Kd8 12. Nxa8 Qf4 13. Nd5
(13. Qd6 Qf2+ 14. Kd2 Qe3+ 15. Ke1 $11) (13. Qd2 Qf2+ 14. Kd1 Ne3+ 15. Kc1 Nxf1
$13) 13... Qf2+ 14. Kd2 Qd4+ 15. Ke1 Qf2+ {1/2-1/2 Grinshpun,E-Shabtai,R/
Czerniak mem 1995}) (8... h6 9. Bxf6 Qxf6 10. e3 O-O 11. Be2 Qg6 12. O-O d6 13.
Bh5 Qf5 14. Bf3 Rd8 15. a3 Be6 16. Be4 Qg5 17. Bd5 Qe7 18. b4 a6 19. Bxe6 fxe6
20. bxc5 dxc5 21. Qh5 axb5 22. cxb5 {1/2-1/2 Sorokin,M-Braga,F/Pico City op
1996 (42)}) (8... d6 9. Bxf6 Qxf6 10. e3 $14 {[%csl Rd5]}) 9. e3 a6 10. Na4
$146 (10. Bxf6 axb5 (10... gxf6 11. Nd5 Qa5+ 12. Nbc3 $14) 11. Bxg7 Rg8 12. Bf6
bxc4 $13 13. Bxc4 Rxg2 $2 14. Qd5 Nd8 15. Qxg2 Qxf6 16. Qg8+ Bf8 17. O-O-O b5
18. Ne4 Qf3 19. Bd5 {1-0 Berebora,F-Rade,M/Solin 1994}) 10... Qa5+ (10... Bb4+
11. Nbc3 Qa5 (11... Qc7 12. Bxf6 gxf6 13. a3 Bxc3+ 14. Nxc3 $16 {[%csl Rd5,Re8]
}) 12. Bxf6 gxf6 13. a3 Bxc3+ 14. Nxc3 $16 {[%csl Rd5,Re8]}) 11. Nbc3 (11. Qd2
$2 Qxd2+ 12. Kxd2 Bb4+ (12... Ne4+ $19) 13. Nbc3 Ne4+ $19 {[%csl Rg5][%cal
Re4d2,Re4g5]}) 11... Ne4 $13 {[%cal Re4g5,Ge4c3]} (11... Be7 12. a3 {[%csl Ra5]
Weiß hat die unangenehme Drohung, 13.b4 nebst 14.c5 mit großem Übergewicht am
Damenflügel fortzusetzen.} b5 13. cxb5 axb5 14. Bxb5 $16) 12. Nxc5 Nxc3 (12...
Nxg5 $6 13. Qd6 $14 {[%csl Gd6,Re8]}) 13. Qd2 (13. bxc3 Qxc3+ (13... Qxc5 $15 {
[%csl Rc3,Rc4,Rg5] und Weiß hat dauerhafte Schwierigkeiten mit seiner
Bauernstruktur.}) 14. Ke2 Qxc4+ 15. Nd3 e4 $17 {[%csl Re2]}) 13... Qxc5 14.
Qxc3 f6 {Nach Komplikationen ist eine ruhige Stellung entstanden. Weiß hat das
Läuferpaar, aber sein schwarzfeldriger Läufer hat kein gutes Spiel am
Königsflügel und Schwarz kann mit folgendem ...d7-d5 das Spiel ausgleichen.}
15. Bh4 {[%csl Rh4]} d5 $11 16. cxd5 (16. Rd1 d4 $15) 16... Qxd5 17. f3 (17.
Rd1 Qxa2 18. Bc4 Qa5 $15) 17... Be6 (17... e4 18. Be2 $13 (18. Rd1 Qxa2 (18...
Qh5 $5) 19. Bc4 Qa5 20. fxe4 Qxc3+ 21. bxc3 Ne5 22. Bd5 $13 {[%csl Gd5,Ge5]}))
18. Bd3 (18. a3 Rd8 $11 (18... Qb3 $11) (18... O-O $11)) 18... Nb4 (18... Rd8
19. Be4 Qc4 20. Qxc4 Bxc4 21. Bxc6+ bxc6 22. b3 $11) 19. Be4 Qb5 $15 {[%csl
Ge1] Jetzt hat Schwarz aktives Gegenspiel am Damenflügel und der Läufer h4
gelangt nicht ins Freie.} 20. a4 Qb6 21. O-O Rc8 22. Qd2 O-O 23. a5 Qb5 24. Be1
$5 Bc4 {[%cal Rb5f1]} (24... Nc6 $11) 25. Rf2 (25. Qxb4 Bxf1 $17) 25... Nd3 (
25... Nc6 $11) 26. Bxd3 Bxd3 27. Qb4 $11 {Schwarz ist stark auf den weißen
Feldern, aber Weiß kann mit späterem Bc3 eine feste Stellung aufbauen. Die
Chancen sind gleich.} Rfd8 {Und hier wurde Remis gegeben. Theoretisch steht
Schwarz aktiver, aber die Anwesenheit der ungleichfarbigen Läufer sichert Weiß
das Remis. Ribli.} (27... Rfd8 28. Qxb5 Bxb5 29. Bc3 $11) 1/2-1/2

[Event "Ciocaltea Memorial"]
[Site "Bucharest"]
[Date "1998.??.??"]
[Round "13"]
[White "Marin, Mihail"]
[Black "Nisipeanu, Liviu Dieter"]
[Result "1/2-1/2"]
[WhiteElo "2545"]
[BlackElo "2610"]
[Annotator "Ribli,Z"]
[PlyCount "44"]
[EventDate "1998.02.??"]
[EventType "tourn"]
[EventRounds "13"]
[EventCountry "ROU"]
[EventCategory "11"]
[SourceTitle "CBM 064"]
[Source "ChessBase"]
[SourceDate "1998.06.02"]
[SourceVersion "1"]
[SourceVersionDate "1998.06.02"]
[SourceQuality "1"]

1. Nf3 {Marin,M} Nf6 2. c4 c5 3. Nc3 Nc6 4. d4 cxd4 5. Nxd4 e6 6. g3 (6. Bg5) (
6. Bf4) (6. a3) (6. Ndb5) 6... Qb6 {Die andere Fortsetzung (7.Nb3) führt zu
langen Hauptvarianten, während der Partiezug noch nicht so tiefgründig
analysiert ist. Ribli.} 7. Ndb5 Bc5 (7... Ne5 8. Bg2 (8. Bf4 {Diese
Fortsetzung wurde von Kortschnoj in die Turnierpraxis eingeführt.} Nfg4 $5 9.
e3 a6 10. h3 axb5 $13) 8... a6 9. Qa4 Rb8 10. Be3 Bc5 11. Bxc5 Qxc5 12. Qa3 b6
{Das ist ein gutes Thema für theoretische Diskussionen. Nach meiner Meinung
besitzt Schwarz trotz einiger Felderschwächen ausreichendes Gegenspiel.}) (7...
d5 {Marin,M}) (7... Ne5 {Marin,M}) 8. Nd6+ (8. Bg2 $5 a6 (8... Bxf2+ $2 9. Kf1
{[%csl Rb6,Rf2]} Ng4 10. Qd6 Rb8 11. Na4 Qa5 12. Bd2 Qxa4 13. b3 Qa6 14. Nc7+
$18) 9. Nd6+ Ke7 10. Nde4 Nxe4 11. Nxe4 Bb4+ 12. Bd2 Bxd2+ 13. Qxd2 Qb4 14. c5
(14. Nc3 Qxc4 15. Qg5+ Kf8 16. O-O $44 {[%csl Rc8,Rf8]}) 14... Rb8 15. Rc1
Qxd2+ 16. Nxd2 b6 (16... b5 17. Ne4 $14 {[%cal Re4d6]}) 17. Bxc6 dxc6 18. cxb6
Rxb6 19. Nc4 Rb5 20. f4 Bb7 21. Kf2 c5 22. Rhd1 Bd5 23. b3 Bxc4 (23... Ra8) (
23... h6) 24. Rxc4 Rd8 25. Rxd8 Kxd8 $11 {Line Cifuentes Parada,R-Izeta
Txabarri,F/Ampuriabrava 1997}) 8... Ke7 9. Nde4 (9. Nxc8+ Raxc8 $15 {Und
Schwarz ist seinen schlechten Damenläufer losgeworden. Er hat großen
Entwicklungsvorsprung.}) 9... Nxe4 10. Nxe4 Bb4+ (10... Qb4+ $6 11. Nc3 Ne5 12.
e3 $1 b5 13. a3 Qa5 14. Bg2 $1 Ba6 15. Bd2 $1 Qc7 16. cxb5 Bb7 17. O-O Bxg2 18.
Kxg2 Qb7+ 19. e4 Rhc8 20. Qe2 Bd4 21. Rad1 Kf8 22. Be1 Rc4 23. b3 $1 $16 {
1-0 Schlosser,P-Stern,R/Budapest Honved 1991 (36)}) 11. Bd2 {In dieser
Variante Schwarz hat Probleme mit der Entwicklung des Damenflügels und
besonders auch auf den schwarzen Feldern. Die Frage ist, ob seine Aktivität
diese positionellen Nachteile kompensiert.} d5 (11... Bxd2+ 12. Qxd2 Qb4 $1 13.
Rd1 Qxd2+ (13... Qxc4 14. Qg5+ Kf8 15. Nd6 $44) 14. Rxd2 d5 $1 $146 (14... b6
15. Bg2 Bb7 16. Nd6 Rab8 17. O-O Na5 18. e4 Bc6 19. e5 Rhd8 20. Rfd1 $14 {
1/2-1/2 Ryskin,A-Savon,V/Nikolaev zt 1993 (45)}) 15. cxd5 exd5 16. Nc5 b6 17.
Nb3 Be6 18. Bg2 Rhd8 19. O-O $6 (19. e3 $1 Rac8 20. Ke2 d4 21. Bxc6 Bc4+ 22.
Kd1 Bxb3+ 23. axb3 Rxc6 24. exd4 Rcd6 25. Re1+ Kf6 26. Re4 $14) 19... Rac8 20.
Rfd1 d4 $5 {Tsesarsky,I-Shevelev,A/Kfar-Saba 1997/1/2-1/2 (57)}) 12. cxd5 exd5
13. Nc3 Be6 14. Bg2 {Weiß verfügt über die bessere, intakte Bauernstruktur und
der schwarze König ist in der Mitte, aber Schwarz entfaltet gutes Figurenspiel
im Zentrum.} Rhd8 15. O-O d4 $5 $13 {[%cal Ge6a2] Die Partiefortsetzung öffnet
dem Schwarzen die Diagonale g8-a2. Das bedeutet Gegenspiel.} (15... Kf8 16. Na4
$14 (16. a3 Bxc3 17. bxc3 Qa6 18. a4 Kg8 19. Bg5 Rd7 20. Qd3 Qa5 21. Bf4 h6 22.
Rfb1 Qd8 23. h4 Rc8 24. Be3 b6 25. Bf4 Na5 26. Rd1 Rc4 27. Qe3 Nb3 28. Rab1 Nc5
29. a5 Na4 30. axb6 axb6 31. Be5 {1-0 Gulko,B-De Firmian,N/New York PCA-op
1994 (45)}) 16... Qb5 17. Bxb4+ Qxb4 18. Rc1 Rac8 19. a3 Qe7 20. Nc5 Bf5 21.
Qa4 Ne5 22. Qf4 Rxc5 23. Rxc5 Qxc5 24. Qxf5 Qd4 25. Qxh7 Qxb2 26. Rb1 Qxe2 27.
Qh8+ Ke7 28. Qxg7 $16 {1-0 Adorjan-Horvath,J/Hungary tt 1985 (33)}) (15... Bxc3
16. bxc3 Kf8 17. Rb1 Qa6 18. Bf4 Rac8 19. Rb2 Kg8 20. Rd2 $14) 16. Na4 {
Weiß kann mit Tempogewinn die schwarzfeldrigen Läufer tauschen, aber es
scheint, daß der Springer auf a4 ihm Probleme bereitet.} (16. Ne4 h6 $5 {
Schwarz verteidigt sich gegen das mögliche Ng5 oder Bg5.} 17. Rc1 (17. Bxb4+ {
Marin,M} Nxb4 $2 (17... Qxb4 $15) 18. a3 $14 {Maric,Alisa-Nisipeanu,Dieter
Cappelle 1998}) 17... Rac8 $11) 16... Qa5 17. Bxb4+ (17. Bf4 $5 Bd6 (17... g5
18. a3 gxf4 (18... Bd6 19. Bd2 Qb5 20. b4 $14) 19. axb4 Qxb4 20. gxf4 $13) 18.
Bxc6 bxc6 (18... Bxf4 19. Bxb7 Rab8 20. Bg2 $14)) 17... Qxb4 18. a3 (18. Rc1
Bxa2 19. Nc5 Rac8 $13) 18... Qb5 19. b4 a5 (19... d3 {Marin,M} 20. exd3 Rxd3
21. Qe2 $14) 20. Nc5 (20. bxa5 $2 Rxa5 21. Rb1 Qxa4 22. Rxb7+ Kd6 $19) 20...
axb4 21. axb4 Rxa1 (21... Qxb4 $6 22. Nxe6 fxe6 (22... Kxe6 23. Rb1 Qc5 24.
Qb3+ $16 {[%csl Rb7,Re6]}) 23. Rb1 $16 {[%csl Re7][%cal Rb1b7]}) 22. Qxa1 Bc4
$132 {und in dieser unklaren Stellung wurde Remis vereinbart. Ribli.} (22...
Nxb4 23. Nxb7 $14) (22... Qxb4 23. Nxe6 fxe6 (23... Kxe6 24. Rb1 Qe7 25. Rb6
$44 {[%csl Ga1,Gb6,Re6,Gg2]}) 24. Rb1 $40 (24. Be4 $1 {Marin,M} Kf7 25. Rb1 $44
) (24. Rb1 $2 Ra8 $3 $17)) (22... Bc4 23. Qb2 (23. Nd3 Bxd3 24. exd3 Qxd3 $15 (
24... Nxb4 25. Rb1 $36 {[%csl Re7][%cal Gb1b7]})) (23. Rc1 Bxe2 24. Nxb7 Qxb7
25. Bxc6 Qxb4 26. Re1 d3 27. Bf3 Kf8 (27... Qb5 28. Qd1 $11 (28. Qa2 Qb4 29.
Qa1 $11)) 28. Bxe2 Re8 29. Rb1 (29. Qd1 Qe4 $17 {[%cal Re8e1]} 30. Kf1 $2 Qh1#)
29... dxe2 30. Rxb4 e1=Q+ 31. Qxe1 Rxe1+ $11) (23. Qc1 $5 $40 {Marin,M
Nisipeanu}) 23... Bxe2 $5 (23... Nxb4 24. Nxb7 $16 {[%csl Gb7,Re7]}) (23...
Qxb4 24. Qxb4 Nxb4 25. Nxb7 (25. Rb1 $11) 25... Rc8 $11) (23... Kf8 24. Rc1 $1
Bxe2 25. Nxb7) 24. Re1 d3 25. Nxd3 Qxd3 26. Qxe2+ Qxe2 27. Rxe2+ $11) 1/2-1/2

[Event "EU-Cup 20th"]
[Site "Izmir"]
[Date "2004.10.05"]
[Round "3.2"]
[White "Renet, Olivier"]
[Black "Smirnov, Pavel"]
[Result "0-1"]
[WhiteElo "2507"]
[BlackElo "2626"]
[Annotator "Ribli,Z"]
[PlyCount "52"]
[EventDate "2004.10.03"]
[EventType "team-swiss"]
[EventRounds "7"]
[EventCountry "TUR"]
[SourceTitle "CBM 104"]
[Source "ChessBase"]
[SourceDate "2005.01.27"]
[SourceVersion "1"]
[SourceVersionDate "2005.01.27"]
[SourceQuality "1"]
[WhiteTeam "Monaco"]
[BlackTeam "Tomsk 400"]
[WhiteTeamCountry "MNC"]
[BlackTeamCountry "RUS"]

1. Nf3 c5 2. c4 Nf6 3. Nc3 Nc6 4. d4 cxd4 5. Nxd4 e6 6. a3 Be7 7. e4 O-O 8. Nb3
{Weiß geht mit dem Springer weg von d4 und auf diese Weise verhindert er die
Ausgleichsmöglichkeit 8...d5.} (8. Be2 d5 9. exd5 exd5 10. O-O Nxd4 11. Qxd4
Be6 12. cxd5 Nxd5 13. Nxd5 Bxd5 {1/2-1/2 Kortschnoj,V-Kasparov,G/Horgen CS
1994/CBM 43 (13)}) (8. Nf3 b6 (8... Qc7 $1 {1-0 Kortschnoj,V-Ponomariov,R/
Donetsk 2001/CBM 81/[Kortschnoj] (66)}) 9. Be2 Bb7 10. O-O Qc7 $146 11. Bg5
Rad8 12. Qd2 d6 13. b4 Nb8 14. Bd3 Nbd7 {1/2-1/2 Delchev,A-Graf,A/Batumi 2002/
CBM 90/[Kostakiev,D] (66)}) 8... b6 (8... Na5 9. Be2 d6 10. O-O Nxb3 11. Qxb3
Nd7 12. Rd1 a6 13. Bf4 Qc7 14. Rd2 b6 15. Qd1 Ne5 16. Rc1 Rd8 17. Be3 Bb7 18.
Na4 Nd7 {1/2-1/2 Benkovic,P-Karjakin,S/MTO, Biel SUI 2003 (24)}) (8... a5 9.
Be3 a4 10. Nd2 d5 11. cxd5 exd5 12. exd5 Nxd5 13. Nxd5 Qxd5 14. Nc4 Qxd1+ 15.
Rxd1 Bf6 16. Nb6 Ra5 17. Rd2 Be6 {1/2-1/2 Xu Jun-Peng Xiaomin/HeiBei CHN 2001/
(31)}) 9. Bf4 {Statt dieser Fortsetzung spielt Weiß gewöhnlich 9.Be2 und der
c1B kann auf e3 gehen, wonach der Plan f2-f4 möglich ist.} d6 10. Be2 Ba6 11.
O-O Rc8 {'=' Schwarz hat eine typische Igelstellung, in der er weniger Raum
hat, aber seine Stellung sehr fest ist.} 12. Re1 (12. Nd2 Nd4 13. Bd3 Nd7 $11)
(12. Rc1 Ne5 13. Nb5 Bxb5 14. cxb5 Nxe4 15. Nd4 $44) 12... Ne5 {Das ist ein
gewöhnliches Motiv - Schwarz greift den c4-Bauern an und hat keine Angst vor
13.Bxe5?!.} 13. Nb5 (13. Bxe5 $6 dxe5 $15 {[%csl Yd4,Ge5,Ge6] In solchen
Stellungen hat Schwarz gute Doppelbauern auf e5 und e6 - der e6P kontrolliert
das d5-Feld und der e5P sichert das d4-Feld.}) 13... Nxc4 (13... Nxe4 14. Nxa7
Rc7 15. Nb5 Bxb5 16. cxb5 $13) (13... Bxb5 14. cxb5 Nxe4 15. Bf1 Nc5 (15... Nf6
16. Nd4 $44) 16. Nd4 $44 {[%csl Yc6]}) 14. Bxc4 Rxc4 15. Nxd6 Bxd6 (15... Rc6
16. e5 Nd5 17. Nd4 Rc5) 16. Bxd6 Re8 17. f3 (17. Nd2 Rd4 (17... Qxd6 $2 18. e5
$16 {[%cal Re5d6,Re5f6]}) 18. Bb4 Bb7 19. Bc3 Rd3 $15) 17... Qc8 18. Re2 (18.
Bg3 Rd8 19. Qb1 (19. Qe2 $2 Rc2 20. Qe3 Rd3 $19 {[%cal Rd3b3,Rd3e3]}) 19... Rc2
$17 (19... Nh5 $17)) 18... Bb5 {'-/+!' Schwarz bereitet 19...Ba4 vor, wonach
er den b3-Springer fesseln könnte.} 19. Qe1 (19. Rd2 Ba4 $17 {[%csl Rb3][%cal
Ra4d1]}) (19. e5 Nd5 $15) 19... Rc6 20. Rd2 e5 21. Qe3 {'?'} (21. Bb4 $142 a5
22. Bc3 $15) 21... Ba4 {'-+' Weiß hat eine ganz schlechte Figurenkoordination,
der d6B und der b3N stehen sehr unglücklich. Es droht 22...Bxb3 23.Qxb3 Rxd6
24.Rxd6 Qc5+ mit Figurengewinn.} 22. Rad1 Rc2 (22... Qe6 $19 {[%csl Rb3][%cal
Ra4d1,Re6b3]}) 23. Rd3 (23. Bb4 a5 $19) 23... Rxb2 24. Rc1 Qe6 25. Na1 Qa2 26.
Qg5 h6 $19 (26... Rb1 $19) 0-1